US States that end with S - Statistics

General Stats
  • This quiz has been taken 922 times
  • The average score is 4 of 5
Answer Stats
State % Correct
Arkansas
86%
Kansas
86%
Texas
80%
Massachusetts
70%
Illinois
68%
No matching quizzes found
Score Distribution
Percent of People with Each Score
Percentile by Number Answered
Your Score History
You have not taken this quiz